000 00780nam a2200241 i 4500
001 000030485
003 DO-SdBNP
005 20230530092109.0
007 ta
008 110518s1980 dr ac 000 0 spa d
040 _aDO-SdBNP
_bspa
_cBNPHU
_erda
082 _axxx
_bC966
_222
245 0 1 _aCuidado y desarrollo del niño :
_bguía de estimulación temprana /
_cedición ; Clara Leyla Alfonso.
264 _aSanto Domingo :
_bConsejo Nacional para la Niñez (CONANI),
_c1980.
300 _a44 p. :
_bilustrado., retratos. ;
_c22 cm.
336 _2rdacontent
_atexto
_btxt
337 _2rdamedia
_asin mediación
_bn
338 _2rdacarrier
_avolumen
_bnc
590 _aInventariado, 2023 / DG
700 1 _aAlfonso, Clara Leyla
_eed.
_944206
910 _aDG
942 _2ddc
_cLBS1
999 _c29977
_d29977